California Major & Minor Teams - Statistics

General Stats
  • This quiz has been taken 33 times
    23 since last reset
  • The average score is 40 of 74
Answer Stats
NHL % Correct
Anaheim Ducks
100%
Los Angeles Angels
100%
Los Angeles Chargers
100%
Los Angeles Clippers
100%
Los Angeles Dodgers
100%
Los Angeles Kings
100%
Los Angeles Lakers
100%
Los Angeles Rams
100%
Sacramento Kings
100%
San Diego Padres
100%
South Bay Lakers
100%
Golden State Warriors
94%
Oakland Athletics
94%
Ontario Clippers
94%
San Francisco 49ers
94%
San Francisco Giants
94%
Santa Cruz Warriors
94%
Stockton Kings
94%
San Jose Giants
88%
San Jose Sharks
88%
UCLA Bruins
88%
USC Trojans
88%
LA Galaxy
82%
LA Galaxy II
82%
California Golden Bears
76%
San Diego State Aztecs
76%
Stanford Cardinal
76%
Fresno State Bulldogs
65%
Los Angeles FC
65%
Los Angeles Sparks
59%
San Jose Earthquakes
59%
San Jose Earthquakes II
59%
San Jose State Spartans
59%
UC Irvine Anteaters
53%
Pacific Tigers
47%
San Diego Gulls
47%
San Diego Toreros
47%
Santa Clara Broncos
47%
Ontario Reign
41%
Pepperdine Waves
41%
San Jose Barracuda
41%
UC Davis Aggies
41%
Bakersfield Condors
35%
Cal State Northridge Matadors
35%
Lake Elsinore Storm
35%
Loyola Marymount Lions
35%
Modesto Nuts
35%
Sacramento State Hornets
35%
San Francisco Dons
35%
Cal Poly Mustangs
29%
Cal State Bakersfield Roadrunners
29%
Coachella Valley Firebirds
29%
Inland Empire 66ers
29%
Long Beach State Beach
29%
Rancho Cucamonga Quakes
29%
Saint Mary's Gaels
29%
UC Santa Barbara Gauchos
29%
Fresno Grizzlies
24%
Sacramento Republic FC
24%
Sacramento River Cats
24%
UC San Diego Tritons
24%
Cal State Fullerton Titans
18%
UC Riverside Highlanders
18%
Angel City FC
12%
California Baptist Lancers
12%
San Diego Wave FC
12%
Stockton Ports
12%
Visalia Rawhide
12%
Central Valley Fuego FC
6%
Monterey Bay FC
6%
Oakland Roots SC
6%
Orange County SC
6%
San Diego Loyal SC
6%
Santa Barbara Sky FC
6%
No matching quizzes found
Score Distribution
Percent of People with Each Score
Percentile by Number Answered
Your Score History
You have not taken this quiz since the last reset